• 首页
  • 本馆介绍
  • 公告通知
  • 最新文献
  • 馆藏检索
  • 电子资源
  • 读者导购
  • 参考咨询
  • 我的图书馆
  • 登录
  • 详细信息显示
  • 放入我的书架
  • 预约/预借图书
  • 作者相关作品
  • 分类相关作品
  • 丛书相关作品
  • 出版社相关作品

书目信息

  • 表格格式
  • 工作单格式
  • 卡片格式
题名:
一生必读的名著
    
 
作者: ;麦格希中英双语阅读文库编委会 编
分册: 第4辑  
出版信息: 长春   吉林出版集团股份有限公司  2018
页数: 166页
开本: 23cm
丛书名: 麦格希中英双语阅读文库
单 册:
中图分类: H339.4:I11 , H319.4:I
科图分类:
主题词: 英语--汉语--对照读物 , 世界文学--作品集
电子资源:
ISBN: 978-7-5581-4756-2
000 00912nam0 2200265 450
001 2346725040
005 20231215161648.53
010    @a978-7-5581-4756-2@dCNY 38.00
100    @a20180820d2018 em y0chiy0120 ea
101 0  @achi@aeng
102    @aCN@b220000
105    @aa z 000yy
200 1  @a一生必读的名著@AYi Sheng Bi Du De Ming Zhu@h第4辑@b专著@f麦格希中英双语阅读文库编委会编
205    @a2版
210    @a长春@c吉林出版集团股份有限公司@d2018
215    @a166页@c图@d23cm
225 1  @a麦格希中英双语阅读文库@i文学名著系列
300    @a读故事·学英语 中国文化管理协会青少年文化艺术委员会合作项目
606 0  @a英语@x汉语@j对照读物
606 0  @a世界文学@x作品集
690    @aH339.4:I11@v5
690    @aH319.4:I@v4
711 02 @a麦格希中英双语阅读文库编委会@Amai ge xi zhong ying shuang yu yue du wen ku bian wei hui@4编
801  2 @aCN@b辽宁北配@c20231205
905    @aZUCC@dH319.4:I@e243:4=2
    
    一生必读的名著.第4辑/麦格希中英双语阅读文库编委会编.-2版.-长春:吉林出版集团股份有限公司,2018
    166页:图;23cm.-(麦格希中英双语阅读文库.文学名著系列)
    读故事·学英语 中国文化管理协会青少年文化艺术委员会合作项目
    
    ISBN 978-7-5581-4756-2:CNY 38.00
    
●
相关链接 在五车中查询图书 在当当中查询图书 在豆瓣中查询图书


正题名:一生必读的名著     索取号:H319.4:I/243:4=2         预约/预借

序号 登录号 条形码 馆藏地/架位号 状态 备注
1 2001203908   2001203908   辽三/辽宁北配(第三批)/24/ [索取号:H319.4:I/243:4=2] 在馆    
2 2001203909   2001203909   辽三/辽宁北配(第三批)/24/ [索取号:H319.4:I/243:4=2] 在馆    
3 2001203910   2001203910   辽三/辽宁北配(第三批)/24/ [索取号:H319.4:I/243:4=2] 在馆    
4 2001203911   2001203911   辽三/辽宁北配(第三批)/24/ [索取号:H319.4:I/243:4=2] 在馆    
5 2001203912   2001203912   辽三/辽宁北配(第三批)/24/ [索取号:H319.4:I/243:4=2] 在馆    
6 2001203913   2001203913   辽三/辽宁北配(第三批)/24/ [索取号:H319.4:I/243:4=2] 在馆    
7 2001203914   2001203914   辽三/辽宁北配(第三批)/24/ [索取号:H319.4:I/243:4=2] 在馆    
8 2001203915   2001203915   辽三/辽宁北配(第三批)/24/ [索取号:H319.4:I/243:4=2] 在馆    
9 2001203916   2001203916   辽三/辽宁北配(第三批)/24/ [索取号:H319.4:I/243:4=2] 在馆    
10 2001203917   2001203917   辽三/辽宁北配(第三批)/24/ [索取号:H319.4:I/243:4=2] 在馆    
11 2001203918   2001203918   辽三/辽宁北配(第三批)/24/ [索取号:H319.4:I/243:4=2] 在馆    
山东省滨州职业学院图书馆 欢迎您!
大连网信软件有限公司© 版权所有